000 00280 a2200109 4500
020 _a9781576601570
041 _aeng
100 _aHurd, Mark
245 _aThe value factor : how global leaders use information for growth and competitive advantage
942 _cBK
999 _c10936
_d10936
999 _d10936